01322nam a2200385 i 450000100060000000300080000600500170001400600190003100700150005000800410006502000180010602000350012403500230015903500240018203500250020603500210023104000310025205000210028308000140030408200120031810000370033024500860036726400710045330000250052433600310054933700330058033800430061349000100065658801280066665000270079465000150082165500270083683000110086385600620087495369FlNmELB20241217172504.0m o d | cr cnu||||||||131226s2013 sp o 000 0 eng d z9788436265989 a9788436266269 (electronic bk.) a(MiAaPQ)EBC3216778 a(Au-PeEL)EBL3216778 a(CaPaEBR)ebr10806711 a(OCoLC)992095090 aFINmELBbspaerdacFINmELB 4aLB41b.G216 2013 a37.013.740 a3702231 aGarcía Ruíz, María José.10aInternational education :bpolitics and policies /cMaría José García Ruiz. 1aMadrid :bUniversidad Nacional de Educación a Distancia,c[2013] a1 recurso en línea atextobtxt2rdacontent/spa acomputadorabc2rdamedia/spa arecurso en líneabcr2rdacarrier/spa1 aGrado aDescripción basada en recurso en línea; Título de la página del título en PDF (e-libro, visto December 26, 2013). 4aEducación comparada. 0aEducation. 4aLibros electrónicos. 0aGrado.40uhttps://elibro.net/ereader/politecnicointernacional/48620